| 000 | 00551nam a22001697a 4500 | ||
|---|---|---|---|
| 999 |
_c3631 _d3631 |
||
| 003 | OSt | ||
| 005 | 20240315104658.0 | ||
| 008 | 240315b ||||| |||| 00| 0 eng d | ||
| 040 | _cKH8 | ||
| 100 |
_aCho, Eunbin, _eauthor. |
||
| 245 |
_aTina and the Prince / _cwritten by Eunbin Cho; illustrated by Sehyeon Nam and designed by Rim Na. |
||
| 260 |
_aSouth Korea; _bWoongjin Think Big Co., Ltd. , _c2011. |
||
| 300 |
_a16 pages: _bcolor illustrations; _c22 cm. |
||
| 700 |
_aNam, Sehyeon, _dillustrator. |
||
| 700 |
_aNa, Rim, _edesigner. |
||
| 942 |
_2ddc _cFIC |
||